| 000 | 01057pam a2200337 a 4500 | ||
|---|---|---|---|
| 001 | 4118113 | ||
| 003 | USPCAS-E | ||
| 005 | 20180118181418.0 | ||
| 008 | 030714s2003 enka 001 0 eng | ||
| 015 | _aGBA3-Y8260 | ||
| 020 | _a047148637X | ||
| 035 | _a(OCoLC)ocm51668009 | ||
| 035 | _a(NNC)4118113 | ||
| 040 |
_aUKM _cUKM _dNNC |
||
| 041 | 1 | _aengger | |
| 082 | 0 | 4 |
_a690.8370472 _221 _bEIC-S 2003 |
| 100 | 1 | _aEicker, Ursula. | |
| 240 | 1 | 0 |
_aSolare Technologien für Gebäude. _lEnglish |
| 245 | 1 | 0 |
_aSolar technologies for buildings / _cUrsula Eicker. |
| 260 |
_aChichester ; _aHoboken, NJ : _bWiley, _cc2003. |
||
| 300 |
_axii, 323 p. : _bill. ; _c26 cm. |
||
| 500 | _aOriginally published as: Solare Technologien für Gebäude. Stuttgart : B.G. Teubner, 2001. | ||
| 502 | _a. | ||
| 504 | _aIncludes bibliographical references (p. [316]-319) and index. | ||
| 546 | _aTranslated from the German. | ||
| 650 | 0 | _aSolar buildings. | |
| 650 | 0 | _aSolar air conditioning. | |
| 650 | 0 | _aSolar heating. | |
| 942 |
_2ddc _cBK |
||
| 999 |
_c355929 _d355929 |
||